| 000 | 00598nam a2200229Ia 4500 | ||
|---|---|---|---|
| 003 | 0100 | ||
| 008 | 130227s9999 xx 000 0 und d | ||
| 040 | _cARRUPELIB | ||
| 050 | _aLA1501.P541 | ||
| 100 | _aPhelps-Stokes Fund | ||
| 245 | _aEducation in Afrca | ||
| 245 | _bA study of West, South, and Equatorial Africa | ||
| 260 | _aNew York | ||
| 260 | _bPhelps-Stokes Fund | ||
| 260 | _C1922 | ||
| 300 | _axxviii | ||
| 300 | _b 323p 25cm | ||
| 650 | _bAfrica, Sub - Saharan - Religion | ||
| 650 | _cEthics - Africa, Sub-Saharan | ||
| 700 | _aJones, Thomas Jesse (ed) | ||
| 942 |
_2lcc _05 |
||
| 999 |
_c154 _d154 |
||